banner-ar

NAPOLEON / (Record no. 9345)

MARC details
000 -الفاتح
حقل البيانات ثابتة الطول 00613nam a2200205Ia 4500
008 - عناصر البيانات ثابتة الطول - معلومات عامة
حقل البيانات ثابتة الطول 140319s9999 xx 000 0 eng d
020 ## - الرقم الدولى المعيارى للكتب
الرقم الدولى المعيارى للكتاب 1882516028
040 ## - مصدر الفهرسة
وكالة الفهرسة الأصلية GCL /
وكالة النسخ GCL
082 04 - رقم تصنيف ديوى العشرى
رقم التصنيف 944.05092
رقم المادة C N
100 1# - المدخل الرئيسى - إسم شخصى
الإسم الشخصى TULARD, JEAN
245 10 - بيان العنوان
العنوان NAPOLEON /
بيان المسئوليه,etc TULARD, JEAN
700 1# - المدخل الاضافى - اسم شخصى
الإسم الشخصى CHEVALLIER, BERNARD
260 ## - PUBLICATION, DISTRIBUTION, ETC. (IMPRINT)
تاريخ النشر أو التوزيع 1993
300 ## - الوصف المادى
التعداد 28 CM ؛
أبعاد الوعاء 175 P
650 04 - المدخل الاضافى بالموضوع-مصطلح موضوعى
مصطلح موضوعي NAPOLEON 1, EMPORER OF THE FRANCE, 1769 - 1821
650 04 - المدخل الاضافى بالموضوع-مصطلح موضوعى
مصطلح موضوعي FRANCE - KINGS AND RULERS - BIOGRAPHY
650 04 - المدخل الاضافى بالموضوع-مصطلح موضوعى
مصطلح موضوعي HISTORY IN ART - PICTORIAL WORKS
942 ## - عناصر المدخل الإضافي( كوها)
مصدر التصنيف او مخطط الترفيف Dewey Decimal Classification
Koha [default] item type كتاب
260 ## - PUBLICATION, DISTRIBUTION, ETC. (IMPRINT)
-- نيويورك :
-- LITHOGRAPH PUBLISHING COMPANY ،
Holdings
حالة التراجع حالة الفقد حالة تلف ليس للاعارة المكان المؤقت الموقع الحالى تاريخ الاكتساب اجمالي اﻻعارات رقم الطلب الباركود تاريخ اخر مشاهدة تاريخ تفعيل السعر نوع وعاء كوها
        مكتبة القاهرة الكبرى مكتبة القاهرة الكبرى 03/26/2014   944.05092\C N 19521 03/26/2014 03/26/2014 كتاب

Powered By

EGPV